The relationship between integrated design and construction and safety on construction projects (Record no. 82775)

MARC details
000 -LEADER
fixed length control field 00784cab a22002055a 4500
001 - CONTROL NUMBER
control field L151337
008 - FIXED-LENGTH DATA ELEMENTS--GENERAL INFORMATION
fixed length control field 101025s2010 xxkd f s 000 0 eng d
035 ## - SYSTEM CONTROL NUMBER
System control number (Sirsi) u151337
041 0# - LANGUAGE CODE
Language code of text/sound track or separate title eng
100 1# - MAIN ENTRY--PERSONAL NAME
Personal name Atkinson, Andrew R.
245 04 - TITLE STATEMENT
Title The relationship between integrated design and construction and safety on construction projects
260 ## - PUBLICATION, DISTRIBUTION, ETC.
Date of publication, distribution, etc. 2010
490 ## - SERIES STATEMENT
Series statement Construction Management and Economics
Volume/sequential designation (28) July-September 2010, 1007-1017(10)
520 ## - SUMMARY, ETC.
Summary, etc. Considers design and construction integration as a key element in improved safety; levels of communication; global overview with research data from 55 large construction projects in the UK.
590 ## - LOCAL NOTE (RLIN)
Local note KA
651 #4 - SUBJECT ADDED ENTRY--GEOGRAPHIC NAME
Geographic name International
690 ## - LOCAL SUBJECT ADDED ENTRY--TOPICAL TERM (OCLC, RLIN)
Topical term or geographic name as entry element Procurement
9 (RLIN) 6260
700 1# - ADDED ENTRY--PERSONAL NAME
Personal name Westall, Rebecca
942 ## - ADDED ENTRY ELEMENTS (KOHA)
Suppress in OPAC 0
Holdings
Withdrawn status Lost status Source of classification or shelving scheme Damaged status Not for loan Home library Current library Shelving location Date acquired Total Checkouts Full call number Barcode Date last seen Copy number Price effective from Koha item type
    Dewey Decimal Classification     London London Journal article 25/10/2010   L151337 151337-1001 06/08/2019 1 06/08/2019 Journal article